1937 1273 1343 1361 1643 1392 1089 1028 1842 1762 1500 1653 1242 1970 1981 1797 1141 1455 1811 1412 1808 1045 1846 1176 1350 1257 1133 1346 1809 1094 1860 1706 1962 1485 1977 1227 1702 1681 1347 1234 1796 1547 1402 1305 1209 1999 1291 1068 1865 1025 1450 1626 1526 1699 1164 1570 1424 1890 1009 1036 1594 1286 1740 1137 1909 1446 1416 1510 1379 1815 1141 1504 1501 1392 1587 1729 1465 1065 1371 1810 1365 1638 1328 1723 1357 1250 1921 1064 1147 1933 1886 1915 1677 1555 1182 1326 1621 1328 1112 BCNSPRNW ULIB Ver.6.0+V

เปลี่ยนเป็นภาษาไทย

Change to English
 แสดงรายละเอียดบรรณานุกรม
  กลับหน้าหลัก

Brief Record : Get Marc (ISO 2709) : E-mail record : QR code < ปิดหน้าต่าง
LEADER : 00000nam 2200000uu 4500
001    13399110785
003     ULIB
008    110609s2552||||th 000 0 tha d
020    9789744140937
041 1  tha^heng
050  4 BJ1533.F8^bฮ162ศ 2552
100 1  ฮอร์ชอร์, โรเจอร์
245 10 ศิลปะการผูกมิตรพิชิตใจคน =^bThe art of friendship /^cRogerHorchow & Sally Horchow ; ผู้แปล, ทวีรัตน์ จิรดิลก ; ผู้เรียบเรียง, ธนิกานต์ มาฆะศิรานนท์
246 31 Art of friendship
260    กรุงเทพฯ :^bดีไลท์พับลิชชิ่ง,^c2552
300    147 หน้า ;^c21 ซม.
650  7 มิตรภาพ
700 1  ฮอร์ชอร์, แซลลี่
700 0  ทวีรัตน์ จิรดิลก,^eผู้แปล
700 0  ธนิกานต์ มาฆะศิรานนท์
700 12 Horchow, Roger.^tThe art of friendship
700 12 Horchow, Sally.^tThe art of friendship
945    ^p150^l0^i18264
995    กัณชพร
999    ^aใช้งานได้ทุกระบบ
รายการนี้ยังไม่มีแท็ก
คุณยังไม่ได้ล็อกอิน คุณสามารถมีกิจกรรมร่วมกับเว็บไซต์ได้ แต่ต้องล็อกอินก่อน ::
  ล็อกอิน

รายการสื่อสารสนเทศ

ลำดับที่ ประเภท เลขเรียก/บาร์โค้ด สถานที่ สถานะ
- ไม่พบข้อมูล -

รายการใกล้เคียง
    ผู้แต่ง [ฮอร์ชอร์, โรเจอร์]

    หัวเรื่อง [มิตรภาพ]

BibComment


ยังไม่เคยถูกคอมเมนท์

คอมเมนท์ทรัพยากรรายการนี้
  คอมเมนท์: ศิลปะการผูกมิตรพิ..


 Copyright 2026. Bcnsprnw @Library